00466nam a2200181Ia 4500003000400000005001700004008004100021020002200062040000700084041000800091082001900099100002200118245006200140260003300202300001700235365001300252650001900265OSt20230501114044.0210423s2017 xx 000 0 und d a978-0-143-42882-4 cAL aeng a821 223bMURS aMURUGAN (Perumal) aSongs of a coward: poems of exile Tr Aniruddhan Vasudevan aUSAbPenguin Books Ltdc2017 axxiv,291bPB b299cINR aEnglish Poetry